Cultural horizons of India : (Record no. 135328)
[ view plain ]
| 000 -LEADER | |
|---|---|
| fixed length control field | 00789nam a22002297a 4500 |
| 005 - DATE AND TIME OF LATEST TRANSACTION | |
| control field | 20170124110243.0 |
| 010 ## - LIBRARY OF CONGRESS CONTROL NUMBER | |
| LC control number | A-953725 |
| 020 ## - INTERNATIONAL STANDARD BOOK NUMBER | |
| Terms of availability | 1200.00 |
| International Standard Book Number | 81900019961 |
| 035 ## - SYSTEM CONTROL NUMBER | |
| System control number | A-953725 |
| 037 ## - SOURCE OF ACQUISITION | |
| Source of stock number/acquisition | Cen Lib/Ret |
| 040 ## - CATALOGING SOURCE | |
| Original cataloging agency | DPL |
| Language of cataloging | EN |
| 082 ## - DEWEY DECIMAL CLASSIFICATION NUMBER | |
| Classification number | 704.948 |
| Item number | LOK |
| 100 ## - MAIN ENTRY--PERSONAL NAME | |
| Personal name | Lokesh Chandra |
| 9 (RLIN) | 94535 |
| 245 ## - TITLE STATEMENT | |
| Title | Cultural horizons of India : |
| Remainder of title | by Lokesh Chandra |
| Statement of responsibility, etc | studies in tantra and buddhism, art and archeology, language and literature / |
| 260 ## - PUBLICATION, DISTRIBUTION, ETC. (IMPRINT) | |
| Place of publication, distribution, etc | New Delhi |
| Name of publisher, distributor, etc | International Academy of Indian Culture |
| Date of publication, distribution, etc | 1997 |
| 270 ## - ADDRESS | |
| City | New Delhi |
| Address | F-14/65, Model Town ll, |
| Postal code | 110009 |
| 300 ## - PHYSICAL DESCRIPTION | |
| Extent | viii,331p. : |
| Dimensions | 26cm(Hb) |
| Other physical details | ill. |
| 500 ## - GENERAL NOTE | |
| General note | includes index |
| 650 ## - SUBJECT ADDED ENTRY--TOPICAL TERM | |
| Topical term or geographic name as entry element | Archeology, indic |
| 9 (RLIN) | 96263 |
| 650 ## - SUBJECT ADDED ENTRY--TOPICAL TERM | |
| Topical term or geographic name as entry element | Culture -- India |
| 9 (RLIN) | 78280 |
| 942 ## - ADDED ENTRY ELEMENTS (KOHA) | |
| Source of classification or shelving scheme | Dewey Decimal Classification |
| Koha item type | English Books |
| Classification part | 704.948 |
| Call number suffix | LOK |
| Withdrawn status | Lost status | Damaged status | Not for loan | Collection code | Home library | Current library | Date acquired | Source of acquisition | Cost, normal purchase price | Total Checkouts | Full call number | Barcode | Date last seen | Copy number | Cost, replacement price | Price effective from | Koha item type |
|---|---|---|---|---|---|---|---|---|---|---|---|---|---|---|---|---|---|
| Not For Loan | Reference | Central Library | Central Library | 05/10/2015 | Cen Lib/Ref | 1200.00 | 704.948 LOK | A-953725 | 05/10/2015 | 1 | 1200.00 | 05/10/2015 | English Books |
